Act east and India's north- east / (Record no. 144948)

MARC details
000 -LEADER
fixed length control field 00583nam a22001817a 4500
005 - DATE AND TIME OF LATEST TRANSACTION
control field 20170919124257.0
010 ## - LCCN (DPL NO)
LC control number 1718EN-30
020 ## - INTERNATIONAL STANDARD BOOK NUMBER
International Standard Book Number 9788182749436
Terms of availability 695.00
037 ## - SOURCE OF ACQUISITION
Source of stock number/acquisition Pragati
Stock number dpl
245 ## - TITLE STATEMENT
Title Act east and India's north- east /
Statement of responsibility, etc edited by C. Joshua Thomas [and] Konthoujam Sarda
260 ## - PUBLICATION, DISTRIBUTION, ETC. (IMPRINT)
Place of publication, distribution, etc New Delhi
Name of publisher, distributor, etc Pentagon Press
Date of publication, distribution, etc 2017
270 ## - ADDRESS
Address 206, Peacock Lane, Shahpur Jat
City New Delhi
Postal code 110049
300 v# - PHYSICAL DESCRIPTION
Extent xxiii,146p.
Dimensions 23cm(Hb)
700 ## - ADDED ENTRY--PERSONAL NAME
Personal name Thomas, C. Joshua
700 ## - ADDED ENTRY--PERSONAL NAME
Personal name Sarda, Konthoujam
942 ## - ADDED ENTRY ELEMENTS (KOHA)
Source of classification or shelving scheme Dewey Decimal Classification
Item type English Books
Call number suffix ACT

No items available.


© Delhi Public Library
Hit Counter
free hit counter